000 00687cam a22002413a 4500
001 35018
003 PGUSA
005 20140828083744.0
008 110120s2011||||xxu|||||s|||||000 | eng d
040 _aPGUSA
_beng
042 _adc
100 1 _aFalkner, John Meade,
_d1858-1932
245 1 0 _a雲形紋章
_h[electronic resource] /
_cJohn Meade Falkner
260 _bProject Gutenberg,
_c2011
500 _aTranslation of: The Nebuly Coat
506 _aPublic domain in the USA.
516 _aElectronic text
700 1 _aHayashi, Kiyotoshi
740 0 _aKumogata monsho
830 0 _aProject Gutenberg
_v35018
856 4 0 _uhttp://www.gutenberg.org/ebooks/35018
942 _cEB
999 _c264273
_d264273